| 000 | 00487nam a2200169Ia 4500 | ||
|---|---|---|---|
| 001 | 113561 | ||
| 003 | DR-UNIBE | ||
| 005 | 20250506131816.0 | ||
| 008 | 250506buuuu xx ||||| |||| 00| 0 spa d | ||
| 040 |
_cBIBLIOTECA UNIBE _aBIBLIOTECA UNIBE _erda |
||
| 041 | _aspa | ||
| 082 | _aF-5960 | ||
| 245 | 0 | 0 | _aVocabulario referido a género |
| 260 |
_aSanto Domingo : _bSecretería Técnica de Género, _c[Fecha de publicación no identificada] |
||
| 300 | 4 | _a16 páginas | |
| 942 |
_2ddc _cMX |
||
| 999 |
_c113561 _d113561 |
||